000 01136cam a2200349 4500
001 304565
003 OSt
005 20230619104854.0
008 700311r1969 enkb b 001 0 eng
010 _a 72442968
015 _aB69-23240
020 _a071290395X
040 _aDLC
_cDLC
_dDLC
041 1 _aengger
043 _af------
050 0 0 _aGN645
_b.W4 1969
082 0 0 _a301.29/6
_bWES
100 1 _aWestermann, Diedrich,
_d1875-
240 1 0 _aAfrikaner Heute und Morgen.
_lEnglish
245 1 4 _aThe African to-day and to-morrow;
_cwith a foreword by Lord Lugard.
250 _a3rd ed. reprinted.
260 _aLondon,
_bReprinted for the International African Institute by Dawsons,
_c1969.
300 _aix, 174 p.
_bmaps.
_c23 cm.
350 _a60/-
500 _aWritten originally in German with title: Der Afrikaner Heute und Morgen, but first published in English.
504 _aBibliography: p. 167-168.
650 0 _aEthnology
_zAfrica.
650 0 _aBlack people
_zAfrica
_xEducation.
650 0 _aIndigenous peoples
_zAfrica.
906 _a7
_bcbc
_corignew
_du
_encip
_f19
_gy-gencatlg
942 _2ddc
_cBK
999 _c1217
_d1217